| 000 | 00648cam a2200229 4500 | ||
|---|---|---|---|
| 008 | 090401t1987 xxu||||| |||| 00| 0 eng d | ||
| 020 | _a0704908476 | ||
| 035 | _a(Sirsi) u44579 | ||
| 041 | 0 | _aeng | |
| 050 | 0 | 4 | _a658.91333 $2 18 |
| 100 | 1 | _aAvis, M. R. | |
| 245 | 0 | 4 | _aThe management of general practice surveying firms |
| 260 |
_aReading _bUniversity of Reading _c1987 |
||
| 300 |
_avi, 32, 14p. _c30cm. |
||
| 350 | _a10 | ||
| 490 | 0 |
_aResearch Papers in Land Management and Development _v(1) |
|
| 651 | 4 |
_aUnited Kingdom _y |
|
| 690 | _aMANAGEMENT-BUSINESS MANAGEMENT | ||
| 700 | 1 | _aGibson, V. A. | |
| 942 | _n0 | ||
| 948 | _c04/03/1997 | ||
| 999 |
_c91562 _d91562 |
||